00332nam a2200121Ia 4500008004100000041000800041082001600049100002200065245004400087260003900131300003300170365000700203240624s9999 xx 000 0 und d aeng a005.133 REB aREBELSKY SAMUEL A aEXPERIMENTS IN JAVA AN INTRODUCTORY LAB c2000aNew DelhibPearson Education axxvii, : 444 : p, : cm. ; 24 cRS